The US States Quiz has been played 10,701,769 times (852 today)
| Number |
% Answered |
| 50 (all) | | 45.8% | | 45-49 | | 24.8% | | 40-44 | | 9.7% | | 35-39 | | 5.7% | | 30-34 | | 3.9% | | 25-29 | | 2.9% | | 20-24 | | 2.1% | | 15-19 | | 1.6% | | 10-14 | | 1.3% | | 5-9 | | 1.1% | | 1-4 | | 1% |
|
|
US States Quiz
-
- Created Aug 1, 2007 in Geography
- Featured Aug 1, 2007
- Game Plays 10,701,769
Remember, Sporcle is now...
